Nadine
Saved in:
| Main Author: | |
|---|---|
| Format: | Book |
| Language: | English |
| Published: |
Bungay
Mayflower Books
1976
|
| Edition: | 1a. ed |
| Subjects: | |
| Tags: |
Add Tag
No Tags, Be the first to tag this record!
|
MARC
| LEADER | 00000cam a2200000 a 4500 | ||
|---|---|---|---|
| 001 | UCF5263 | ||
| 003 | CL-VaPUC | ||
| 008 | 130307e19760000UK |||||||||||||||||eng|d | ||
| 082 | 0 | 4 | |a 823 |b BOC |2 21 |
| 100 | 0 | |a Bocca, Geoffrey |e author |9 567062 | |
| 245 | 1 | 0 | |a Nadine |
| 250 | |a 1a. ed | ||
| 300 | |a 285 p | ||
| 942 | |c BK | ||
| 945 | |d 20130307 00:00:00 |a cmena | ||
| 260 | |a Bungay |b Mayflower Books |c 1976 | ||
| 650 | 0 | |a Novelas inglesas |9 265220 | |
| 650 | 0 | |a Literatura inglesa |9 312907 | |
| 583 | |a last modification |c 20130307 11:37:00 |k Rodrigo Vera | ||
| 999 | |c 350821 |d 350819 | ||
| 952 | |0 0 |1 0 |4 0 |6 823_000000000000000_BOC_1976 |7 0 |8 A |9 454554 |a BIBEDU |b BIBEDU |d 2019-11-22 |i 4948254 |o 823 BOC 1976 |p 4948254 |r 2019-11-22 |w 2019-11-22 |y BK |k LIT | ||